[Event "American Continental 19th"]
[Site "Foz do Iguacu"]
[Date "2025.05.26"]
[Round "6"]
[White "Piasetski, Leon David"]
[Black "Calcada, Lucas Galvan"]
[Result "1/2-1/2"]
[WhiteElo "2153"]
[BlackElo "1967"]
[PlyCount "72"]
[EventDate "2025.05.23"]
[EventType "swiss"]
[EventRounds "11"]
[EventCountry "BRA"]
[SourceTitle "CB23_2025"]
[SourceDate "2025.06.04"]
[SourceVersion "1"]
[SourceVersionDate "2025.06.04"]
[SourceQuality "1"]

1. Nf3 c5 2. c4 Nc6 3. d4 cxd4 4. Nxd4 g6 5. e4 Bg7 6. Be3 Nf6 7. Nc3 Ng4 8. Qxg4 Nxd4 9. Qd1 Nc6 10. Qd2 d6 11. Be2 Bd7 12. Rc1 Rc8 13. b3 Qa5 14. 0-0 0-0 15. Rfd1 Rfe8 16. h3 Bxc3 17. Qxc3 Qxc3 18. Rxc3 b6 19. a3 f5 20. exf5 Bxf5 21. g4 Be6 22. b4 Ne5 23. Rdc1 Nd7 24. c5 bxc5 25. Bb5 Red8 26. Bxd7 Rxd7 27. bxc5 Rdc7 28. Bd4 dxc5 29. Rxc5 Rxc5 30. Rxc5 Rxc5 31. Bxc5 a5 32. Bxe7 Kf7 33. Bc5 a4 34. Kg2 h5 35. Kg3 hxg4 36. hxg4 g5 1/2-1/2

[Event "Wch Seniors 65 32nd"]
[Site "Porto Santo"]
[Date "2024.11.20"]
[Round "4"]
[White "Ftacnik, Lubomir"]
[Black "Piasetski, Leon David"]
[Result "1-0"]
[WhiteElo "2444"]
[BlackElo "2171"]
[PlyCount "71"]
[EventDate "2024.11.17"]
[EventType "swiss"]
[EventRounds "11"]
[EventCountry "POR"]
[SourceTitle "CB49_2024"]
[SourceDate "2024.12.04"]
[SourceVersion "1"]
[SourceVersionDate "2024.12.04"]
[SourceQuality "1"]

1. d4 e6 2. c4 Nf6 3. Nf3 Bb4+ 4. Nbd2 a5 5. a3 Bxd2+ 6. Bxd2 b6 7. g3 Bb7 8. Bg2 0-0 9. 0-0 h6 10. Rc1 a4 11. d5 exd5 12. Nh4 Na6 13. cxd5 Nc5 14. Bc3 Nfe4 15. Bd4 f5 16. Bxc5 Nxc5 17. d6 c6 18. Bh3 Qg5 19. Rxc5 bxc5 20. Qc2 g6 21. e4 Qf6 22. exf5 Ba6 23. Rd1 Rfe8 24. Nxg6 Re2 25. Qxc5 Rxb2 26. Qe3 Kg7 27. Nf4 Kf7 28. Bg4 Rb3 29. Bh5+ Kf8 30. Qe7+ Qxe7 31. Ng6+ Kf7 32. dxe7 d5 33. Re1 Bd3 34. Nf4+ Kf6 35. Re6+ Kxf5 36. Bg6+ 1-0

[Event "Villa Martelli ProAm op 31st"]
[Site "Villa Martelli"]
[Date "2024.10.26"]
[Round "8"]
[White "Paris, Adolfo"]
[Black "Piasetski, Leon David"]
[Result "1/2-1/2"]
[WhiteElo "2046"]
[BlackElo "2169"]
[PlyCount "55"]
[EventDate "2024.10.19"]
[EventType "swiss"]
[EventRounds "9"]
[EventCountry "ARG"]
[SourceTitle "CB44_2024"]
[Source "Chessbase"]
[SourceDate "2024.10.30"]
[SourceVersion "1"]
[SourceVersionDate "2024.10.30"]
[SourceQuality "1"]

1. c4 e6 2. g3 d5 3. Bg2 Nf6 4. Nf3 dxc4 5. Qa4+ Bd7 6. Qxc4 c5 7. Ne5 Qc8 8. d3 Nc6 9. Nxd7 Qxd7 10. 0-0 Be7 11. Nc3 0-0 12. Bd2 Rfd8 13. Rfd1 Rac8 14. Rac1 h6 15. Ne4 Nd4 16. Kf1 b5 17. Qc3 Nd5 18. Qa5 f5 19. Nc3 Nb4 20. Be3 a6 21. Bxd4 cxd4 22. Nb1 Rxc1 23. Rxc1 Rc8 24. Rd1 Qc7 25. Qxc7 Rxc7 26. a3 Na2 27. Ke1 Rc2 28. Rd2 1/2-1/2

[Event "Canadian zt"]
[Site "Toronto"]
[Date "2024.03.30"]
[Round "5"]
[White "Kot, Emanuel"]
[Black "Piasetski, Leon David"]
[Result "1/2-1/2"]
[WhiteElo "2035"]
[BlackElo "2159"]
[PlyCount "98"]
[EventDate "2024.03.27"]
[EventType "team-swiss"]
[EventRounds "10"]
[EventCountry "CAN"]
[SourceTitle "CBM 219 Extra"]
[Source "ChessBase"]
[SourceDate "2024.05.31"]
[SourceVersion "1"]
[SourceVersionDate "2024.05.31"]
[SourceQuality "1"]

1. e4 c5 2. Nf3 e6 3. d4 cxd4 4. Nxd4 a6 5. Bd3 Bc5 6. Nb3 Ba7 7. Qe2 Nc6 8. 0-0 Nge7 9. c4 d6 10. Be3 e5 11. Bxa7 Rxa7 12. Qe3 0-0 13. Nc3 b6 14. Rad1 f5 15. exf5 Bxf5 16. Ne4 Rd7 17. Rd2 Bg6 18. Nc3 Nf5 19. Bxf5 Bxf5 20. Rfd1 Ne7 21. Nc1 Be6 22. b3 Nf5 23. Qe4 Qc7 24. N1e2 Rdf7 25. Nf4 Bc8 26. Nfd5 Qa7 27. Kh1 Nd4 28. f3 Bf5 29. Qe3 b5 30. Ne2 bxc4 31. bxc4 Nxe2 32. Qxe2 Qc5 33. Ne3 e4 34. f4 Bg6 35. Rd5 Qb4 36. g3 Rf6 37. Qd2 Rb8 38. Qxb4 Rxb4 39. Ra5 Bf7 40. Rxa6 Bxc4 41. Ra8+ Rf8 42. Rxf8+ Kxf8 43. a3 Ra4 44. Nxc4 Rxc4 45. Rxd6 Ra4 46. Re6 Kf7 47. Re5 Kf6 48. Kg2 h6 49. h4 Rxa3 1/2-1/2

[Event "Montevideo Duchamp Cup 7th"]
[Site "Montevideo"]
[Date "2024.02.06"]
[Round "6"]
[White "Garcia Palermo, Carlos H"]
[Black "Piasetski, Leon David"]
[Result "1-0"]
[WhiteElo "2403"]
[BlackElo "2151"]
[PlyCount "53"]
[EventDate "2024.02.01"]
[EventType "swiss"]
[EventRounds "9"]
[EventCountry "URU"]
[SourceTitle "CBM 218 Extra"]
[Source "ChessBase"]
[SourceDate "2024.03.31"]
[SourceVersion "1"]
[SourceVersionDate "2024.03.31"]
[SourceQuality "1"]

1. d4 Nf6 2. c4 e6 3. Nf3 b6 4. g3 Ba6 5. Qa4 Be7 6. Bg2 0-0 7. Ne5 c6 8. Nc3 Bb7 9. 0-0 d5 10. Rd1 Nfd7 11. Nxd7 Nxd7 12. e4 dxc4 13. d5 b5 14. Qc2 Re8 15. dxe6 fxe6 16. Bh3 Bb4 17. e5 Bxc3 18. Qxc3 c5 19. a4 Bd5 20. axb5 Qc7 21. Bf4 g5 22. Rxd5 exd5 23. e6 gxf4 24. exd7 Re7 25. Qf6 Qe5 26. Qxe5 Rxe5 27. b6 1-0

[Event "Florianopolis op 10th"]
[Site "Florianopolis"]
[Date "2024.01.27"]
[Round "9"]
[White "Piasetski, Leon David"]
[Black "Marcolino, Antonio Claudio H"]
[Result "1-0"]
[WhiteElo "2155"]
[BlackElo "1925"]
[PlyCount "59"]
[EventDate "2024.01.20"]
[EventType "swiss"]
[EventRounds "10"]
[EventCountry "BRA"]
[SourceTitle "EXT 2025"]
[Source "ChessBase"]
[SourceDate "2024.10.14"]
[SourceVersion "1"]
[SourceVersionDate "2024.10.14"]
[SourceQuality "1"]

1. Nf3 Nf6 2. c4 b6 3. d4 e6 4. a3 d5 5. cxd5 exd5 6. Nc3 Be7 7. g3 0-0 8. Bg2 Bb7 9. 0-0 c5 10. Bg5 Nbd7 11. Rc1 Re8 12. e3 h6 13. Bxf6 Nxf6 14. Ne5 cxd4 15. exd4 Bf8 16. Qb3 Rc8 17. Rfe1 Rc7 18. Bh3 Bc8 19. Bf1 Re6 20. Nb5 Rxc1 21. Rxc1 a5 22. Nc6 Qe8 23. Nc7 Qxc6 24. Rxc6 Rxc6 25. Nxd5 Nxd5 26. Qxd5 Rc1 27. Kg2 Rc7 28. Qb3 Bb7+ 29. f3 Rd7 30. Qxb6 1-0

[Event "Banff op"]
[Site "Banff"]
[Date "2023.11.12"]
[Round "6"]
[White "Aljo, Johan"]
[Black "Piasetski, Leon David"]
[Result "0-1"]
[WhiteElo "1686"]
[BlackElo "2176"]
[PlyCount "100"]
[EventDate "2023.11.10"]
[EventType "swiss"]
[EventRounds "6"]
[EventCountry "CAN"]
[SourceTitle "CBM 217 Extra"]
[Source "ChessBase"]
[SourceDate "2024.01.31"]
[SourceVersion "1"]
[SourceVersionDate "2024.01.31"]
[SourceQuality "1"]

1. d4 Nf6 2. c4 e6 3. g3 Bb4+ 4. Bd2 a5 5. Bg2 0-0 6. a3 Bxd2+ 7. Nxd2 d6 8. Ngf3 Qe7 9. 0-0 a4 10. Qc2 e5 11. e4 Bd7 12. Rfe1 Nc6 13. Qc3 Rfe8 14. Rad1 Bg4 15. d5 Nd4 16. h3 Nxf3+ 17. Nxf3 Bxf3 18. Bxf3 Nd7 19. Kh2 Nc5 20. Bh1 Ra6 21. f4 Rb6 22. f5 Rb3 23. Qc2 Qg5 24. Rg1 b5 25. cxb5 Rb8 26. h4 Qe3 27. Qg2 R8xb5 28. Rd2 Qxd2 29. Qxd2 Rxb2 30. Rg2 Rxd2 31. Rxd2 Rb3 32. Ra2 h5 33. Bg2 Kf8 34. Ra1 Ke7 35. Ra2 Kd8 36. Ra1 Kc8 37. f6 g6 38. Bh3+ Kd8 39. Bg2 Nd7 40. Bh3 Nxf6 41. Rf1 Ke7 42. Rc1 Ne8 43. Ra1 Re3 44. Bg2 Nf6 45. Rc1 Ng4+ 46. Kh3 Kd8 47. Rf1 f6 48. Bf3 f5 49. exf5 gxf5 50. Kg2 Rxa3 0-1